• 首页
  • 本馆介绍
  • 公告通知
  • 最新文献
  • 馆藏检索
  • 电子资源
  • 读者荐购
  • 参考咨询
  • CALIS
  • 我的图书馆
  • 登录
  • 详细信息显示
  • 放入我的书架
  • 预约/预借图书
  • 作者相关作品
  • 分类相关作品
  • 丛书相关作品
  • 出版社相关作品

书目信息

  • 表格格式
  • 工作单格式
  • 卡片格式
题名:
秋
    
 
作者: 巴金 著
分册:  
出版信息: 北京   人民文学出版社  1955.02
页数: 655页
开本: 32开
丛书名:
单 册:
中图分类: I246.5
科图分类:
主题词: 小说--中国
电子资源:
ISBN: 7-02-001662-6
 
 
 
 
 
000 00499nam0 2200193 45
001 0006161509
005 20001122185250.5
010    @a7-02-001662-6@d16.30元
100    @a20000616d1955 km y0chiy0120 ea
101 0  @achi
105    @a z 000yy
200 1  @a秋@AQiu@f巴金著@FBa Jin Zhu
210    @a北京@c人民文学出版社@d1955.02
215    @a655页@d32开
606 0  @a小说@x中国
690    @aI246.5@v3
701  0 @a巴金@4著
801    @aCN@bPftUser@c20000616
905    @dI246.5@eB477/3@b78890-892@f3
    
    秋/巴金著.-北京:人民文学出版社,1955.02
    655页;32开
    
    
    ISBN 7-02-001662-6:16.30元
    
●
相关链接 在E读中查询图书 在当当中查询图书 在豆瓣中查询图书


正题名:秋     索取号:I246.5/B477/3         预约/预借

序号 登录号 条形码 馆藏地/架位号 状态 备注
1 501414   205014143   文学库108/ [索取号:I246.5/B477/3] 在馆    
2 501415   205014152   文学库108/ [索取号:I246.5/B477/3] 在馆    
河南城建学院图书馆 欢迎您!
大连网信软件有限公司© 版权所有